Žiť svoj sen

Podrobná bibliografia
Hlavný autor: Kačaliaková, Elena (Autor)
Médium: Článok
Jazyk:slovenčina
PhysicalDescription:Fotogr.
ISSN:1335-7018
Predmet:

MARC

LEADER 00000nab a2200000 a 4500
001 vtls010086422
003 SK-MaSNL
005 20260304162022.0
008 250507c2010 xo |||||||||||000 b|slo
015 |a SNBRB2010/04  |2 snkbucl 
035 |a (uuid)59edca1c-0bf8-44c5-8d28-e340b47422d2 
035 |a urn:nbn:sk:snk-ab9hks 
035 |a (urnnbn)urn:nbn:sk:snk:ar-a08exe 
038 |a SNKBUCL 
040 |a SNKBUCL  |b slo  |c SNKBUCL  |e AACR2 
041 0 |a slo 
044 |a xo  |c SK 
080 |a 674.2:061.5  |x (437.6)  |2 1997 
080 |a 692.82:691.11  |2 1997 
100 1 |a Kačaliaková, Elena  |4 aut  |9 268113 
245 1 0 |a Žiť svoj sen  |c Elena Kačaliaková 
300 |b Fotogr. 
610 2 7 |a Mintal Interiér (Sielnica, Slovensko)  |2 snkbucl  |9 1486845 
650 0 7 |a drevené okná  |2 snkbucl  |9 84037 
651 7 |a Sielnica (Slovensko)  |2 snkbucl  |9 75049 
651 7 |a Zvolen (Slovensko : okres)  |2 snkbucl  |9 123387 
773 0 |t Stolársky magazín  |g Roč. 11, č. 3 (2010), s. 20-22  |x 1335-7018 
850 |a Slovenská národná knižnica 
852 |a Slovenská národná knižnica 
954 |a odborná, vedecká literatúra pôvodná (slovenská)  |2 lita 
958 |a article13 
958 |a OND 
958 |a SK 
958 |a EUIPO 
999 |c 2973113  |d 2975043